| 000 | 02225nam a2200385 i 4500 | ||
|---|---|---|---|
| 003 | DO-SdBNP | ||
| 005 | 20250129073606.0 | ||
| 007 | ta | ||
| 008 | 240701s2023 dr 000 0 spa d | ||
| 020 | _a9789945942309 | ||
| 040 |
_aDO-SdBNP _bspa _cBNPHU _erda |
||
| 082 |
_a649.1 _bC352 _222 |
||
| 100 |
_aCastillo, Marcia _943372 _eautora |
||
| 245 | 1 | 0 |
_aAyúdame a ser tu hijo : _bmanual para una crianza efectiva / _cMarcia Castillo, Cristal Cedeño, Anderson Batista, Alejandro Maríñez ; prólogo Rita Díaz Blanco |
| 264 | 1 |
_aSanto Domingo : _bRío de oro editores, _c2023. |
|
| 300 |
_a166 páginas, _c22 cm. |
||
| 336 |
_2rdacontent _atexto _btxt |
||
| 337 |
_2rdamedia _asin mediación _bn |
||
| 338 |
_2rdacarrier _avolumen _bnc |
||
| 490 |
_aColectivo de autores _v1 |
||
| 500 | _aIncluye datos biografícos de los autores en las páginas 159-162. | ||
| 504 | _aBibliografía p: 149-155. | ||
| 520 | _aLa lectura cuidadosa de este manual nos permite identificar los roles en la familia y, sobre todo, desenmascarar esas verdades aparentes que a veces copan los periódicos y revistas, o bombardean las redes sociales como soluciones a dinámicas conflictivas en el hogar. Como bien plantean estos expertos en el área, no siempre se puede aplicar una misma estrategia con todas las familias, pues dependerá de muchos factores, tanto internos como externos. Una de las grandes necesidades de nuestro tiempo es conservar la flexibilidad mental, estar abiertos a nuevas ideas, sobre todo con la crianza de nuestros hijos. Los tiempos cambian, los hijos cambian. Ayúdame a ser tu hijo es un texto que nos acompaña a reexaminar nuestros conceptos sobre la crianza, a no sentirnos solos en este transitar y a fortalecer nuestros lazos familiares. | ||
| 590 | _aInventariado, 2024/ YL | ||
| 650 | 5 |
_aCrianza de niños _xGuías _985900 |
|
| 650 | 5 |
_aPadres e hijos _9796 |
|
| 650 | 5 |
_aEducación de niños _91753 |
|
| 650 | 5 |
_aVida familiar y educación _985901 |
|
| 700 | 1 |
_aCedeño, Cristal _eautor _954733 |
|
| 700 | 1 |
_aBalcácer, Juan Daniel, _d1949- _96566 |
|
| 700 | 1 |
_aMaríñez, Alejandro _985902 |
|
| 700 | 1 |
_aDíaz Blanco, Rita _eprólogo _978109 |
|
| 910 | _aYLockward | ||
| 942 |
_2ddc _cLBS1 |
||
| 999 |
_c57086 _d57086 |
||